| 000 | 01189nam a2200277 a 4500 | ||
|---|---|---|---|
| 008 | |||
| 020 | _a0198534396 | ||
| 049 | _aMAIN | ||
| 090 |
_aQA297 _bADV |
||
| 245 | 0 | 0 |
_aAdvances in numerical analysis. _nVol. 2, _pWavelets, subdivision algorithms, and radial basis functions. |
| 260 |
_aOxford : _bClarendon Press, _c1992. |
||
| 300 |
_aviii, 210 p. ; _c24 cm. |
||
| 440 | 0 | _aOxford science publications | |
| 500 | _a"Proceedings of the fourth Summer School in Numerical Analysis, which was held at Lancaster University from 15th July to 3rd August 1990 ... sponsored by the Science and Engineering Research Council of Great Britain"--Pref. | ||
| 504 | _aIncludes bibliographical references. | ||
| 650 | 0 |
_aNumerical analysis _vCongresses. |
|
| 700 | 1 | _aLight, W.A. | |
| 710 | 2 | _aScience and Engineering Research Council (Great Britain) | |
| 711 | 2 |
_aSummer School in Numerical Analysis _d(1990 : _cLancaster University) |
|
| 740 | 0 | 1 | _aWavelets, subdivision algorithms, and radial basis functions. |
| 907 |
_a.b10031960 _b20-04-12 _c17-04-03 |
||
| 003 | |||
| 005 | 20230123133152.0 | ||
| 040 | _cNUST | ||
| 942 |
_cBOOKS _kQA297 _mADV |
||
| 999 |
_c143911 _d143911 |
||